Orang yang takutkan Islam mengapa? /

Bibliographic Details
Main Author: Yasin, Muhmmad Naim Abdul Salam
Corporate Author: Pustaka Darussalam
Format: Book
Published: Alor Setar, Kedah: Pustaka Darussalam, 2003.
Subjects:
LEADER 00629cam a2200205 7i4500
001 0000023497
005 20151104090000.0
005 ##20151104125600.0
003 ##MY-KlINT
020 # # |a 9832347254  
039 # 9 |y 201511041256  |z VLOAD 
090 0 0 |a E 297.28   |b YAS 
100 1 # |a Yasin, Muhmmad Naim Abdul Salam 
245 1 0 |a Orang yang takutkan Islam mengapa? /   |c Oleh Dr. Muhammad Naim Abdul Salam Yasin. 
260 # # |a Alor Setar, Kedah:   |b Pustaka Darussalam,   |c 2003. 
300 # # |a 72 ms;   |c 19cm. 
500 # # |a Mengandungi ayat-ayat dari Quran 
650 # 0 |a Islam --   |x Doctrines  
650 # 0 |a Islam --   |x Relations  
710 0 # |a Pustaka Darussalam